000 01101cab a2200277 4500
001 ABS51301
008 090401t1994 xxu||||| |||| 00| 0 eng d
035 _a(Sirsi) u20697
041 _aeng
100 _aGibson, V.
245 _aStrategic property management: how can local authorities develop a property strategy?
260 _c1994
350 _a0
490 _aProperty Management
_v12(3) 1994, 9-14(6)
520 _aConsiders operational property management from a strategic point of view. Defines what is effective operational property management and examines some past failings in property management and attempts to identify the potential causes of these weaknesses. Identifies the key requirements of property strategy for local authorities.
650 _aLOCAL AUTHORITIES
650 _aLOCAL GOVERNMENT REORGANISATION
650 _aLOCAL GOVERNMENT
650 _aOPERATIONAL PROPERTY
650 _aPROPERTY ASSETS
650 _aProperty management
_96262
650 _aSTRATEGIC MANAGEMENT
690 _aPROPERTY LAW AND PRACTICE
942 _n0
948 _c04/03/1997
999 _c13866
_d13866